00997cam a2200181 i 4500020001800000041001300018082002100031245015800052250001900210260004200229300005100271504005100322520034400373546001200717650003500729700003000764700002100794 a9781032011950 aEnglish.00a614.592414bCOV-00aCOVID-19 and SARS-CoV-2 :bthe science and clinical application of conventional and complementary treatments /cedited by Srijan Goswami, Chiranjeeb Dey. aFirst edition. aLondon , New York:bCRC Press,c2022. axvi, 269 pages :billustrations (some color) ; aIncludes bibliographical references and index. a"Explores fundamental concepts of SARS-CoV-2 and COVID - 19 as well as delves into common Public Health-related issues of the latest basic science and clinical content. Readers will get the fundamental knowledge about the SARS-COV-2, its structure and functions, epidemiology, diagnosis, and both conventional and integrative treatments"-- aEnglish 0aCOVID-19 (Disease)xTreatment.1 aGoswami, Srijan,eeditor.1 aDey, Chiranjeeb,